000 00522nam a2200205Ia 4500
005 20240823015859.0
008 240823s9999||||xx |||||||||||||| ||und||
020 _a0-07-047258-0
041 _aENGLISH
082 _A621.395 P4
100 _a"Leach,Donald P"
245 0 _aDigital Principles and Applications
250 _a5th
260 _c2004
_b"Tata McGraw-Hill,New Delhi"
500 _aTRANSFERED
650 _aDigital
_bInstrumentation
700 _a" Malvino,Albert Paul"
942 _cBK
999 _c173456
_d173456